000 00910cab a2200217 4500
001 ##L133638
008 060525n2006 000 0 eng u
035 _a(Sirsi) u133638
041 0 _aeng
100 1 _aKivlehan, Noella Pio
245 0 0 _aEG offices Q2
260 _c2006
490 0 _aEstates Gazette
_v(0620) 20 May 2006, 109-131(17)
520 _aCovers a visual tour of some of the top office developments being planned across the world and the way government buildings in the UK are being greened. Presents case studies of the various approaches to energy efficiency being employed in buildings. Looks at the arguments surrounding the introduction of sustainable principles into office developments.
590 _aIKA230506
651 4 _aUnited Kingdom
_y
690 _aPROPERTY-COMMERCIAL PROPERTY-OFFICE PROPERTY-OFFICES
700 1 _aQuinn, David
700 1 _aThame, David
942 _n0
999 _c77125
_d77125